=LDR 00000nam 2200000 4500 =001 INLIS000000000021038 =005 20130612115933 =008 ***********************************Ind** =035 ##$$0010-061300000021038 =041 ##$$a Ind =082 ##$$a 345.001 =090 ##$$a 345.001, Pur f =100 ##$$a Purbacaraka, Purnadi =245 ##$$a Filsafat hukum pidana dalam tanya jawab, Purnadi Purbacaraka, A. Ridwan Halim =260 ##$$a 1995 $b Jakarta =300 ##$$a viii, 46 hlm, 21 cm =650 ##$$a Hukum Pidana =650 ##$$a Filsafat =700 ##$$a Halim, A.Ridwan =850 ##$$a NBPNMAT